02458nam a2200373uu 4500001000800000005001700008007001000025008004100035035001200076040001300088041000800101080000700109082000800116100005400124245021100178260005000389300001300439520071000452650003101162650002901193650004001222650003301262650004001295700005601335700005101391700005301442700004901495856006101544942001001605999001901615500018601634952012601820952013801946123330020260508070743.0co|||||||110225s2011 spa  a1233300 ccomduadb aspa aJE 4a37110aGutiérrez Gutiérrez, Daniel4auteaut961570513aLa diversidad de los ecosistemas marinos, una explicación desde la perspectiva del cambio conceptual y la metacognición : una valoración del diorama de peces de la sala de ciencias naturales del MUUA. aAndes (Antioquia) :b[sin publicador],c2011. a1 CD-ROM3 aEl propósito es conocer qué posibilidades didácticas ofrece el MUUA y las situaciones que favorecen los aprendizajes de las ciencias, aportando nuevos aspectos teóricos y críticos en la relación entre lúdica y el conocimiento que se establece en el museo. El tipo de estudio es cualitativo dentro del enfoque exploratorio-descriptivo, ya que permitió hacer una observación en el MUUA y evidenciar cómo es el nivel didáctico que presenta el Diorama de Peces, hacer una descripción, el respectivo diagnostico y elaborar una guía museística que permita mejorar la función didáctica del modulo para que tanto estudiantes, guías y maestros puedan hacer uso efectivo del mismo. aMedios didácticos923891 aMuseo de ciencias927896 7aMuseos universitarios2lemb9178287 aMuseos y educación9170631 aLicenciatura en educación918108810aGutiérrez Montoya, Erika Milena4auteaut961569310aVelez Restrepo, Milvia Henid4auteaut961314310aFlorez Jimenez, Victor Nicolas4thseths943136410aMoreno Aldana, Jairo Elias4thseths95427624 uhttps://bibliotecadigital.udea.edu.co/handle/10495/21825 cTESIS c578372d578372 aTesis (Licenciatura en Educacion Basica con Énfasis en Ciencias Naturales y Educación Ambiental). Universidad de Antioquia. Facultad de Educación - Título del grado otorgado 001040708DIGITALaCEDEDbCEDEDd2011-02-25iC1109987l0oJE/0691p0598193r2023-05-01 00:00:00t1w2023-05-01yDIGITAL 001040708AUDIOVISUAaANDESbANDESd2012-08-17iC1152042l0o371.33 G984 CD-ROMp85080r2023-05-01 00:00:00t2w2023-05-01yDIGITAL